| 000 | 00729nam a2200265Ia 4500 | ||
|---|---|---|---|
| 003 | OSt | ||
| 005 | 20221006145022.0 | ||
| 006 | a|||||r|||| 00| 0 | ||
| 007 | ta | ||
| 008 | 221006b |||||||| |||| 00| 0 eng d | ||
| 024 | _a13,524 | ||
| 037 | _cTextual | ||
| 040 |
_aEASL _cEASL _beng |
||
| 041 |
_2eng _aeng |
||
| 082 | _aV498.N5, J9 | ||
| 245 | 0 | _aConcerning the question of Tibet | |
| 260 |
_aPeking _bForeign Languages Press China _c1959 |
||
| 300 |
_a238p. _ccm. |
||
| 490 | _v Oth | ||
| 650 | _a Gen | ||
| 650 |
_a State Council of the Peoples Republic of China _9653335 |
||
| 650 |
_aCommunique on Rebellion in Tibet _9653336 |
||
| 942 |
_hV498.N5, J9 _cTEXL _2CC |
||
| 999 |
_c1081610 _d1081610 |
||